Normal view
MARC view
- Dr. Saadia Andleeb.
Entry Personal Name
001 - CONTROL NUMBER
- control field: 19340
003 - CONTROL NUMBER IDENTIFIER
- control field: NUST
005 - DATE AND TIME OF LATEST TRANSACTION
- control field: 20190819070214.0
008 - FIXED-LENGTH DATA ELEMENTS
- fixed length control field: 190819|| aca||aabn | a|a d
040 ## - CATALOGING SOURCE
- Original cataloging agency: NUST
- Transcribing agency: NUST
100 ## - HEADING--PERSONAL NAME
- Personal name: Dr. Saadia Andleeb.
670 ## - SOURCE DATA FOUND
- Source citation: Work cat.: (NUST): Nasir, Waqas Chudhry 19339, Microbiology and Phage Therapy of Diabetic Foot Ulcer /
